00781nam a2200265Ia 450000500170000000800410001702000150005804100080007310000330008124500390011425000250015326400330017830000260021133600270023733700330026433800280029750000210032565000280034665000300037465000360040494200150044004000350045508400120049099900130050220220316235337.0121119s2003 ck gr 001 p spa  a95830007600 aspa1 aAlighieri, Dante,d1265-132113aLa divina comediacDante Alighieri aNovena reimpresión 1aBogotábPanamericanac2003 a269 páginasc20 cm. atextobtxt2rdacontent asin mediaciónbn2rdamedia avolumenbnc2rdacarrier aIncluye índice142LEMBaPoesía italiana142LEMBaLiteratura italiana142LEMBaPoesía épica italiana 2loccBKLIT aCO-BoRNBPbspaerdacCO-BoRNBP aP ALI1  c667d667